Biggest European Cities by Letter - M - Statistics

General Stats
  • This quiz has been taken 339 times
    310 since last reset
  • The average score is 11 of 14
Answers on the Map
Answers color-coded by a green-red scale on the quiz's map according to % correct below.
 
Answer Stats
Population Country Answer % Correct
3,340,176 Spain Madrid
100%
1,371,850 Italy Milan
100%
569,007 United Kingdom Manchester
99%
1,995,471 Belarus Minsk
99%
13,010,112 Russia Moscow
99%
1,478,638 Germany Munich
99%
873,076 France Marseille
97%
362,133 Sweden Malmo
93%
587,068 Spain Malaga
82%
313,693 Germany Mannheim
69%
302,454 France Montpellier
67%
467,501 Spain Murcia
62%
425,681 Ukraine Mariupol
48%
470,011 Ukraine Mykolaiv
33%
No matching quizzes found
Score Distribution
Percent of People with Each Score
Percentile by Number Answered
Your Score History
You have not taken this quiz since the last reset